Titans et personnages SNK - Statistiques

Statistiques générales
  • Ce quiz a été pris 415 fois
  • Le résultat moyen est 21 sur 61
Statistiques - réponses
numéro personnages % Correct
1 Eren
99%
3 Armin
95%
17 Mick
95%
2 Mikasa
93%
14 Livai
88%
7 Reiner
86%
6 Connie
84%
4 Jean
84%
5 Sasha
84%
15 Erwin
83%
8 Annie
80%
44 Ymir
70%
39 Falco
63%
9 Bertholt
62%
10 Sieg
62%
11 Grisha
60%
16 Hange
50%
20 commandant Pixis
48%
12 Carla
46%
37 Porco
46%
36 Peak
42%
43 Petra
40%
25 Titan cuirassé
38%
28 Titan assaillant
36%
27 Titan originel
36%
30 Titan Bestial
34%
26 Titan féminin
33%
29 Titan Charette
32%
31 Titan mâchoire
32%
58 Hannes
30%
46 Historia Reiss
26%
13 Dina
24%
21 Eren Kruger
23%
59 Marcel
23%
40 Rhodes Reiss
23%
18 Capitaine Magath
16%
34 Titan marteau d'armes
15%
54 Hitch
14%
41 Roi Fritz
14%
47 Erd
12%
55 Marlo
12%
53 Zackley
12%
49 gunther
11%
22 Docteur Xaver
9%
38 Kord
9%
51 Mina
8%
19 Keith Shadis
7%
50 Marco bott
6%
56 Nick
6%
48 Oluo
5%
45 Christa Lenz
4%
61 Bean
3%
52 Nile
3%
57 Thomas Wagner
3%
23 Titan déviant
3%
32 Titan souriant
3%
42 Dimo Reeves
2%
60 Sawney
2%
24 titans colossal
2%
33 Titan normaux
0%
35 Titans des Murs
0%
Aucun quiz correspondant
Distribution des résultats
% des personnes avec chaque résultat
Percentile par nombre de réponses
Votre historique - résultats
Vous n’avez pas pris ce quiz